Animal Alphabet Picture 15 - Statistics

General Stats
  • This quiz has been taken 7 times
  • The average score is 17 of 26
Answer Stats
Picture Hint Answer % Correct
A Albatross
83%
B Bison
83%
C Crocodile
83%
I Iguana
83%
J Jaguar
83%
K Kangaroo
83%
L Lizard
83%
O Ostrich
83%
P Pig
83%
D Dingo
67%
E Elephant
67%
F Flamingo
67%
G Grasshopper
67%
H Horse
67%
M Musk Ox
67%
S Shark
67%
T Toucan
67%
N Numbat
50%
R Roadrunner
50%
W Wallaby
50%
Y Yellow Jacket
50%
Z Zebra Butterfly
50%
Q Quoll
33%
U Uaru
33%
V Vole
33%
X Xylocopa
33%
No matching quizzes found
Score Distribution
Percent of People with Each Score
Percentile by Number Answered
Your Score History
You have not taken this quiz